Các hệ thống thực hành và sửa chữa máy vi tính

Αποθηκεύτηκε σε:
Λεπτομέρειες βιβλιογραφικής εγγραφής
Κύριος συγγραφέας: Các hệ thống thực hành và sửa chữa máy vi tính
Μορφή: Βιβλίο
Γλώσσα:Undetermined
Έκδοση: Hà Nội KHKT 1993
Θέματα:
Ετικέτες: Προσθήκη ετικέτας
Δεν υπάρχουν, Καταχωρήστε ετικέτα πρώτοι!
Thư viện lưu trữ: Trung tâm Học liệu Trường Đại học Cần Thơ
LEADER 00718nam a2200169Ia 4500
001 CTU_46245
008 210402s9999 xx 000 0 und d
082 |a 621.3819592 
082 |b A846 
100 |a Các hệ thống thực hành và sửa chữa máy vi tính 
245 0 |a Các hệ thống thực hành và sửa chữa máy vi tính 
245 0 |c Các hệ thống thực hành và sửa chữa máy vi tính, Richard F.Bahrenburg, Stuart M.Asser, Vincent J.Stigliano; Dịch giả: Đặng Quang Thành 
260 |a Hà Nội 
260 |b KHKT 
260 |c 1993 
650 |a computer engineering 
980 |a Trung tâm Học liệu Trường Đại học Cần Thơ